LEADER 00937nam--2200325---450- 001 990001797470203316 005 20040628165421.0 035 $a000179747 035 $aUSA01000179747 035 $a(ALEPH)000179747USA01 035 $a000179747 100 $a20040628d1969----km-y0itay0103----ba 101 0 $afre 102 $aFR 105 $a||||||||001yy 200 1 $aMessage poétique du Symbolisme$el'aventure poetique, la revolution poetique, l'univers poetique, la doctrine symboliste$fGuy Michaud 210 $aParis$cNizet$d1969 215 $a819 p.$d25 cm. 410 0$12001 454 1$12001 461 1$1001-------$12001 700 1$aMICHAUD,$bGuy$0132799 801 0$aIT$bsalbc$gISBD 912 $a990001797470203316 951 $aII f C 236$b38330 L.M.$cII f 959 $aBK 969 $aUMA 979 $aSIAV8$b10$c20040628$lUSA01$h1654 996 $aMéssage poétique du symbolisme$9217013 997 $aUNISA LEADER 01104nam a2200277 i 4500 001 991002329529707536 005 20020507162705.0 008 000609s1990 de ||| | ger 020 $a3515055398 035 $ab11641496-39ule_inst 035 $aLE02734662$9ExL 040 $aDip.to Studi Giuridici$bita 082 0 $a937.02 084 $aR-III/C 100 1 $aAmpolo, Carmine$037679 245 10$aStaat und Staatlichkeit in der fruhen romischen Republik :$bakten eines Symposiums, 12.-15. Juli 1988, freie Universitat Berlin /$cmit Beitragen von C. Ampolo ... [et al.] ; Herausgeber Walter Eder 260 $aStuttgart :$bSteiner,$c1990 300 $a627 p. ;$c24 cm. 650 4$aRoma antica$xOrdinamento istituzionale 700 1 $aEder, Walter 907 $a.b11641496$b21-09-06$c02-07-02 912 $a991002329529707536 945 $aLE027 R-III/C 44$g1$iLE027CL-1246$lle027$o-$pE0.00$q-$rl$s- $t0$u0$v0$w0$x0$y.i11863717$z02-07-02 996 $aStaat und Staatlichkeit in der fruhen romischen Republik$9891078 997 $aUNISALENTO 998 $ale027$b01-01-00$cm$da $e-$fger$gde $h0$i1 LEADER 02304oam 2200541 450 001 9910704097703321 005 20150928075444.0 035 $a(CKB)5470000002436673 035 $a(OCoLC)886546641 035 $a(EXLCZ)995470000002436673 100 $a20140812d1982 ua 0 101 0 $aeng 135 $aurbn||||||||| 181 $ctxt$2rdacontent 182 $cc$2rdamedia 183 $acr$2rdacarrier 200 10$aMineral resources of the Mill Creek, Mountain Lake, and Peters Mountain wilderness study areas, Craig and Giles Counties, Virginia, and Monroe County, West Virginia /$fby Frank G. Lesure, Bradford B. Williams and Maynard L. Dunn, Jr. ; with a section on oil and gas potential by W. J. Perry, Jr 210 1$a[Reston, Va.] :$cUnited States Department of the Interior, Geological Survey,$d1982. 210 2$aWashington :$cGovernment Printing Office. 215 $a1 online resource (ix, 76 pages, 6 pages of plates) $cillustrations 225 1 $aStudies related to wilderness--study areas 225 1 $aGeological Survey bulletin ;$v1510 300 $aTitle from title screen (viewed August 4, 2014). 320 $aIncludes bibliographical references (pages 72-76). 606 $aMines and mineral resources$zVirginia$zCraig County 606 $aMines and mineral resources$zVirginia$zGiles County 606 $aMines and mineral resources$zWest Virginia$zMonroe County 606 $aMines and mineral resources$2fast 607 $aVirginia$zCraig County$2fast 607 $aVirginia$zGiles County$2fast 607 $aWest Virginia$zMonroe County$2fast 615 0$aMines and mineral resources 615 0$aMines and mineral resources 615 0$aMines and mineral resources 615 7$aMines and mineral resources. 700 $aLesure$b Frank Gardner$f1927-$01396865 702 $aWilliams$b Bradford B. 702 $aDunn$b Maynard L. 712 02$aGeological Survey (U.S.), 801 0$bCOP 801 1$bCOP 801 2$bOCLCO 801 2$bOCLCF 801 2$bGPO 906 $aBOOK 912 $a9910704097703321 996 $aMineral resources of the Mill Creek, Mountain Lake, and Peters Mountain wilderness study areas, Craig and Giles Counties, Virginia, and Monroe County, West Virginia$93505860 997 $aUNINA